[Event "Catalan Youth-ch 2020"]
[Site "Salou"]
[Date "2020.09.09"]
[Round "7.8"]
[White "Prats Safont, Sergi"]
[Black "Travesset Sagre, Jan"]
[Result "0-1"]
[WhiteElo "2103"]
[BlackElo "2093"]
[Annotator "TA"]
[PlyCount "84"]
[EventDate "2020.09.07"]
[EventType "swiss"]
[EventCountry "ESP"]
[SourceTitle "playchess.com"]
[Source "ChessBase"]
[SourceQuality "1"]

{[%evp 9,84,5,12,6,8,0,0,0,-1,-2,16,-8,0,-83,-87,-89,-40,-27,-22,-193,-185,-177,-33,-256,-260,-332,-305,-298,-209,-201,-94,-83,-95,-616,-621,-612,-611,-616,-609,-581,-575,-583,-614,-604,-597,-589,-564,-887,-645,-890,-825,-809,-716,-972,-928,-1188,-935,-1161,-1135,-5618,-1860,-4778,-4139,-5052,-4132,-29987,-29987,-29987,-29988,-29990,-29991,-29991,-29983,-29988,-29989,-29989,-29990]} 1. e4 c6 2. Nf3 d5 3. exd5 cxd5 4. Ne5 Nf6 5. d4 Nc6 6. Bb5 {B10: Caro-Kann: 2 d3 and 2 c4.} Bd7 7. Bxc6 Bxc6 8. O-O {The position is equal.} e6 9. Re1 Bd6 {[#]} 10. Nc3 $146 ({Predecessor:} 10. Bf4 O-O 11. Nd2 Bb5 12. Re3 Rc8 13. a4 Ba6 14. c3 Ne8 15. Qg4 Qe7 16. Rh3 {1-0 (46) Fuentes Arjona,A (2221)-Lerida Macareno,C ICCF email 2013}) 10... Qb6 11. Bg5 (11. Bf4 $11 {keeps the balance.}) 11... Qxb2 $17 12. Re3 Qb6 13. Bxf6 $1 gxf6 14. Nxf7 $2 (14. Rb1 $11 {and White has nothing to worry.} Qc7 15. Nxc6 bxc6 16. Qh5) 14... Kxf7 $19 15. Qh5+ Ke7 (15... Kg7 $19 16. Qg4+ Kf8 17. Rxe6 Qd8) 16. Qg4 $2 ({White should play} 16. Qf5 $1 $15 Qd8 17. Rxe6+ Kf7 18. Rae1) 16... e5 {aiming for ...Rag8.} 17. Qg7+ Ke6 18. f4 {White threatens f5+! and mate.} Be7 19. Qg4+ {[#]} f5 (19... Kf7 $1 $19 {is more deadly.} 20. Qh5+ Kg7 21. Qg4+ Kf8 22. fxe5 Rg8) 20. Rxe5+ $17 Kd6 21. Qxf5 $4 {[%mdl 8192]} (21. Qg7 $17 Rae8 22. Rd1 (22. Rxf5 $2 Qb2 $19 {[%mdl 64] Double Attack})) 21... Qxd4+ $19 {[%mdl 64] Double Attack} 22. Kh1 {And now Rxd5+! would win.} Qxc3 23. Qe6+ Kc5 24. Qxe7+ {[#]} Kc4 $1 25. Rb1 {Intending Re3 and mate.} Rae8 26. Qh4 Rxe5 27. fxe5+ d4 28. Qg4 Re8 29. e6 Qxc2 {[%mdl 64] Double Attack} 30. Rg1 {[#]} Qe4 $1 31. Qh5 Qd5 32. Qe2+ Kc5 33. Qc2+ Kd6 34. Qxh7 Rxe6 (34... d3 $142 35. Qh4 d2 36. Qg3+ Kxe6) 35. Qh4 Kc7 36. Qg3+ Qd6 {( -> ...Qxg3)} 37. Qd3 {[#]} Rh6 $1 {[%csl Gd6][%cal Rh6h2] Black mates.} 38. h3 Rg6 39. Qf5 {[#]} Qg3 $1 40. Qf7+ {[#]} Kb6 $1 {[%cal Rg3h3]} 41. Rb1+ Ka5 {[%csl Gc6,Gg6][%cal Rg3g2]} 42. Qf5+ b5 {Accuracy: White = 43%, Black = 66%.} 0-1

[Event "Catalan Youth-ch 2020"]
[Site "Salou"]
[Date "2020.09.09"]
[Round "7.8"]
[White "Jove Albaiges, Guillem"]
[Black "Jordana Nagera, Pol"]
[Result "1/2-1/2"]
[WhiteElo "1491"]
[BlackElo "1229"]
[Annotator "NA RC"]
[PlyCount "92"]
[EventDate "2020.09.07"]
[EventType "swiss"]
[EventCountry "ESP"]
[SourceTitle "playchess.com"]
[Source "ChessBase"]
[SourceQuality "1"]
[TimeControl "5400+30"]

1. d4 {[%emt 0:00:00]} Nf6 {[%emt 0:00:00]} 2. c4 {[%emt 0:00:56]} e6 {[%emt 0:00:40]} 3. g3 {[%emt 0:01:38]} d5 {[%emt 0:01:36]} 4. Nf3 {[%emt 0:04:06]} c6 {[%emt 0:03:21]} 5. Bg2 {[%emt 0:01:15]} Bd6 {[%emt 0:03:37]} 6. Qc2 {[%emt 0:01:45]} O-O {[%emt 0:03:35]} 7. O-O {[%emt 0:02:35]} Nbd7 {[%emt 0:04:12]} 8. c5 {[%emt 0:02:29]} Bc7 {[%emt 0:05:09]} 9. Bf4 {[%emt 0:05:55]} Ne4 {[%emt 0:06:06]} 10. Nbd2 {[%emt 0:04:09]} f5 {[%emt 0:03:45]} 11. Bxc7 {[%emt 0:04:39]} Qxc7 12. Nxe4 {[%emt 0:00:32]} fxe4 {[%emt 0:00:52]} 13. Ng5 {[%emt 0:01:18]} Nf6 {[%emt 0:03:01]} 14. f4 {[%emt 0:06:06]} h6 {[%emt 0:00:00]} 15. Nh3 {[%emt 0:04:00]} b6 {[%emt 0:02:18]} 16. b4 {[%emt 0:00:00]} Ng4 {[%emt 0:04:47]} 17. Qc3 {[%emt 0:00:00]} Ba6 {[%emt 0:00:36]} 18. Rfe1 {[%emt 0:06:46]} Bc4 {[%emt 0:04:39]} 19. Bxe4 {[%emt 0:04:28]} Nf6 {[%emt 0:06:59]} 20. Bg2 {[%emt 0:00:00]} b5 {[%emt 0:03:17]} 21. Nf2 {[%emt 0:02:39]} a5 {[%emt 0:10:11]} 22. a3 {[%emt 0:07:38]} a4 {[%emt 0:00:05]} 23. e4 {[%emt 0:03:20]} Rae8 {[%emt 0:02:08]} 24. e5 {[%emt 0:00:32]} Nd7 {[%emt 0:01:46]} 25. Nd3 {[%emt 0:02:26]} g6 {[%emt 0:03:41]} 26. Nb2 {[%emt 0:01:35]} Bb3 {[%emt 0:03:52]} 27. Qf3 {[%emt 0:03:23]} Kg7 {[%emt 0:02:31]} 28. Qg4 {[%emt 0:04:22]} Bc2 {[%emt 0:01:14]} 29. Re3 {[%emt 0:00:46]} Bf5 {[%emt 0:00:36]} 30. Qe2 {[%emt 0:05:14]} g5 {[%emt 0:01:56]} 31. fxg5 {[%emt 0:00:00]} hxg5 {[%emt 0:02:17]} 32. Qh5 {[%emt 0:00:00]} Qd8 {[%emt 0:00:40]} 33. Rf1 {[%emt 0:03:21]} g4 {[%emt 0:00:58]} 34. Qh4 {[%emt 0:02:39]} Qxh4 {[%emt 0:00:42]} 35. gxh4 {[%emt 0:00:16]} Rh8 {[%emt 0:00:59]} 36. Rg3 {[%emt 0:01:11]} Rxh4 {[%emt 0:00:20]} 37. Rf4 {[%emt 0:00:31]} Nf8 {[%emt 0:01:53]} 38. Nd1 {[%emt 0:01:21]} Ng6 {[%emt 0:00:17]} 39. Rf2 {[%emt 0:01:30]} Reh8 {[%emt 0:01:18]} 40. Ne3 {[%emt 0:01:55]} R8h5 {[%emt 0:01:28]} 41. Bf1 {[%emt 0:04:12]} Kh6 {[%emt 0:02:17]} 42. Be2 {[%emt 0:00:00]} Kg5 {[%emt 0:00:36]} 43. Rfg2 {[%emt 0:00:25]} Nf4 {[%emt 0:01:20]} 44. Bxg4 {[%emt 0:02:04]} Nxg2 {[%emt 0:00:31]} 45. Bxh5+ {[%emt 0:00:17]} Kxh5 {[%emt 0:00:10]} 46. Kxg2 {[%emt 0:01:01]} Rxd4 {[%emt 0:02:46]} 1/2-1/2

[Event "Catalan Youth-ch 2020"]
[Site "Salou"]
[Date "2020.09.10"]
[Round "8.1"]
[White "Bernado Lopez, Roger"]
[Black "Vinuesa Sorli, Ruben"]
[Result "1/2-1/2"]
[WhiteElo "2155"]
[BlackElo "1903"]
[Annotator "TA"]
[PlyCount "158"]
[EventDate "2020.09.07"]
[EventType "swiss"]
[EventCountry "ESP"]
[SourceTitle "playchess.com"]
[Source "ChessBase"]
[SourceQuality "1"]

{[%evp 20,158,55,35,12,34,0,-9,3,-13,0,-61,-67,-94,-101,-81,-79,-77,-14,-7,-15,-209,-187,-215,-181,-176,-166,-158,-146,-180,-174,-197,-159,-152,-147,-140,-187,-197,-197,-197,-191,-152,-143,-143,0,0,0,0,0,0,0,0,10,9,8,8,284,0,0,2,13,0,0,0,0,0,0,0,0,0,0,0,0,0,0,0,0,-140,-140,-140,-139,-122,-139,-147,-147,-245,-245,-245,-245,-238,-238,-238,-238,-245,-238,-219,-176,-176,-176,-176,0,-176,-176,-191,0,0,0,0,0,0,0,0,0,0,0,-1884,0,0,0,0,0,0,0,-10510,0,-1018,-2270,-5610,-6796,-29983,-1733,-1570,-1225,-1099,0,0,0,0,0,0,0]} 1. e4 c5 2. Nf3 d6 3. d4 cxd4 4. Nxd4 Nf6 5. Nc3 a6 6. Bg5 Nbd7 7. Bc4 Qb6 8. Bb3 e6 9. Qd2 Be7 10. O-O-O O-O 11. f4 Nc5 {B96: Sicilian Najdorf: 6 Bg5 e6 7 f4, lines other than 7...Qb6 and 7...Be7.} 12. Rhe1 {aiming for e5.} h6 13. Bxf6 {is the legacy move (13.h4).} Bxf6 14. Kb1 Bd7 {[#]} 15. Nf3 $146 (15. g4 $11) ({Predecessor:} 15. g4 a5 16. h4 a4 17. Bc4 a3 18. Bb3 axb2 19. g5 Nxb3 20. cxb3 Be7 21. f5 {1-0 (61) Nagy,G (2388)-Stanciu,A (2369) Iasi 2011}) 15... Bc6 $15 16. e5 dxe5 17. Nxe5 Rfd8 18. Qf2 a5 (18... Bxe5 $17 19. Rxd8+ Qxd8 20. fxe5 Nd7) 19. Rxd8+ $11 Rxd8 20. Rd1 $2 (20. a3 $11 {and White is okay.}) 20... Rxd1+ $19 21. Nxd1 a4 {[%cal Ba5a4,Ba4a3][%mdl 32]} 22. Bc4 Bxe5 23. fxe5 Qb4 24. Bd3 a3 25. c3 Nxd3 26. cxb4 Nxf2 27. Nxf2 Bxg2 28. bxa3 {[%mdl 4096] Endgame KB-KN} Kh7 29. Kc2 Kg6 30. Kc3 Bd5 31. Kd4 Bxa2 ({Black should play} 31... Kf5 $17) 32. Ne4 $11 Bd5 33. a4 f5 34. exf6 gxf6 35. a5 f5 36. Nc3 Bg2 37. Ke5 {next Ne2 is good for White.} Kg5 $2 {[%mdl 8192]} (37... Kf7 $1 $11) 38. Ne2 $2 (38. b5 $18) 38... Bf1 39. Nd4 Bc4 40. Nxe6+ Bxe6 41. Kxe6 {K3P-K3P} f4 42. b5 f3 43. a6 bxa6 44. bxa6 {KPP-KPP} f2 45. a7 f1=Q 46. a8=Q {KQ-KQ} Qh3+ 47. Ke5 Qxh2+ 48. Kd4 (48. Ke6 $1 $11) 48... Qd2+ $17 49. Kc4 h5 50. Qg8+ Kh4 51. Kb3 Qd3+ 52. Ka2 (52. Kb4 $17) 52... Kh3 $19 53. Qe6+ Kg2 54. Qc6+ Qf3 55. Qg6+ Kh2 56. Qd6+ Kh1 57. Qd8 Qf2+ 58. Ka3 h4 {White must now prevent ...h3.} 59. Ka4 h3 $2 (59... Qf4+ $19 60. Ka5 h3 61. Qd1+ Kh2) 60. Ka5 $2 (60. Qd5+ $11 Kg1 61. Qg5+ Kh2 62. Qe5+ Kg1 63. Qg7+ Kh1 64. Qb7+ Kg1 65. Qg7+ Kh1 66. Qb7+ Qg2 67. Qb1+ Kh2 68. Qb8+ Kg1 69. Qb1+ Qf1 70. Qg6+ Kh1 71. Qc6+ Kg1 72. Qg6+ Kh1 73. Qc6+ Qg2 74. Qc1+ Kh2 75. Qc7+ Kg1 76. Qb6+ Qf2 77. Qg6+ Qg2 78. Qb1+ Qf1 79. Qg6+) 60... Qf3 {Strongly threatening ...Qf5+.} 61. Qe8 h2 $2 (61... Qd5+ $19 62. Kb4 Qd4+ 63. Kb5 Qb2+ 64. Kc4 Qc2+ 65. Kb4 h2) 62. Qe1+ $11 Kg2 63. Qd2+ Kg3 64. Qg5+ Kh3 65. Qh6+ Kg3 66. Qg5+ Qg4 67. Qe5+ $2 {[%mdl 8192]} (67. Qe3+ $11 Qf3 68. Qg5+) 67... Kh3 $2 (67... Qf4 $1 $19 {[%cal Rf4e5]} 68. Qd5 Kh4) 68. Qe3+ Kh4 69. Qf2+ Qg3 70. Qd4+ Kh3 71. Qd7+ $2 {[%mdl 8192] [#]} (71. Qh8+ $11 Kg2 72. Qb2+ Qf2 73. Qb7+ Qf3 74. Qg7+ Kf1 75. Qa1+ Kg2 76. Qg7+ Kh3 77. Qh6+ Kg3 78. Qg5+) 71... Kg2 $2 (71... Qg4 $1 $19 {[%cal Rg4d7]} 72. Qd3+ Kh4) 72. Qd2+ $2 {[%mdl 8192] [#]} (72. Qd5+ $11 Kf2 73. Qa2+ Kf1 74. Qc4+ Kg2 75. Qd5+ Qf3 76. Qg5+ Kf2 77. Qh4+ Qg3 78. Qf6+ Kg2 79. Qb2+ Qf2 80. Qb7+ Kf1 81. Qb5+ Qe2 82. Qf5+ Ke1 83. Qb1+ Kf2 84. Qf5+ Qf3 85. Qc5+ Qe3 86. Qc2+ Qe2 87. Qf5+ Ke1 88. Qb1+ Kf2 89. Qf5+) 72... Kf1 $1 $19 73. Qh6 Qe5+ 74. Ka6 Qe2+ (74... Ke2 $142 75. Qc1 Qe6+ 76. Kb7 Qd5+ 77. Ka7 h1=Q 78. Qb2+ Kd3 79. Qa3+ Ke2 80. Qb2+ Qd2 81. Qb5+ Qd3 82. Qb2+ Qd2 83. Qb5+ Qd3 84. Qb2+ Ke3 85. Qe5+ Qhe4 86. Qg5+ Ke2 87. Qh5+ Kf1 88. Qf7+ Ke1 89. Qc7 Qa4+ 90. Kb8 Qab5+ 91. Ka8 Qa3+ 92. Qa7 Qf8+ 93. Qb8 Qfxb8#) 75. Ka5 Qa2+ 76. Kb4 Qd2+ $2 (76... Ke1 $19 {( -> ...Qd2+)} 77. Qc6 Qb1+ 78. Ka3 Qd3+ 79. Ka4 Kf2) 77. Qxd2 $11 {The position is equal.} h1=Q 78. Qd1+ Kg2 79. Qxh1+ Kxh1 {Accuracy: White = 69%, Black = 74%.} 1/2-1/2

[Event "Catalan Youth-ch 2020"]
[Site "Salou"]
[Date "2020.09.10"]
[Round "8.2"]
[White "Saguillo Gonzalez, Oriol"]
[Black "Castillo Dalmau, Albert"]
[Result "1/2-1/2"]
[WhiteElo "2124"]
[BlackElo "2204"]
[Annotator "TA"]
[PlyCount "29"]
[EventDate "2020.09.07"]
[EventType "swiss"]
[EventCountry "ESP"]
[SourceTitle "playchess.com"]
[Source "ChessBase"]
[SourceQuality "1"]

{[%evp 10,15,24,26,27,16,15,-50]} 1. e4 c6 2. Nf3 d5 3. Nc3 dxe4 4. Nxe4 Nf6 5. Qe2 Nxe4 6. Qxe4 Qd5 {B11: Caro-Kann: Two Knights Variation.} 7. Qf4 Qf5 8. d4 {[#] Not much happened in this game.} ({Better is} 8. d3 $11) {Predecessor:} 8... Qxf4 $146 9. Bxf4 Bf5 10. O-O-O e6 11. Nh4 Bg4 12. f3 Bh5 13. g4 Be7 14. Nf5 exf5 15. gxh5 {0-1 (45) Feuerstack,A (2449)-Donchenko,A (2631) Neumarkt in der Oberpfalz 2019} 1/2-1/2

[Event "Catalan Youth-ch 2020"]
[Site "Salou"]
[Date "2020.09.10"]
[Round "8.2"]
[White "Ribera Veganzones, Serni"]
[Black "Parra Ordorica, Arnau"]
[Result "1-0"]
[WhiteElo "1902"]
[BlackElo "1808"]
[Annotator "TA"]
[PlyCount "101"]
[EventDate "2020.09.07"]
[EventType "swiss"]
[EventCountry "ESP"]
[SourceTitle "playchess.com"]
[Source "ChessBase"]
[SourceQuality "1"]

{[%evp 10,101,17,16,29,17,18,23,38,15,16,16,8,11,14,11,15,15,29,25,31,24,42,16,11,7,28,13,16,0,0,0,0,6,0,0,0,-22,0,0,0,0,0,0,-18,-6,0,0,0,0,30,31,40,47,48,0,0,0,67,0,0,0,0,0,0,0,10,10,10,10,24,0,68,49,49,49,206,199,326,317,245,256,731,657,764,704,29970,29970,6398,5601,29975,29975,29973,1774]} 1. e4 c5 2. Nf3 d6 3. Bb5+ Bd7 4. Bxd7+ Nxd7 5. O-O Ngf6 6. Re1 Rc8 {B52: Sicilian: Moscow Variation with 3...Bd7.} 7. c3 e6 8. d4 Be7 {White has an edge.} 9. e5 dxe5 10. dxe5 Nd5 11. c4 Nb4 $1 {[#]} 12. Nc3 $146 ({Predecessor:} 12. Qe2 Nc6 13. Nc3 Qc7 14. Bf4 O-O 15. Rad1 Rcd8 16. Qe4 Rfe8 17. h4 Qb6 18. Nb5 {½-½ (46) Ramiro Ovejero,J (2284)-Conquest,S (2513) Aragon 2005}) 12... Nb6 13. b3 Qxd1 14. Rxd1 O-O 15. Bg5 f6 16. exf6 gxf6 17. Be3 Rfd8 18. Kf1 Kf7 19. Ke2 e5 20. Nh4 Nc2 21. Rxd8 Rxd8 22. Rd1 {next Rxd8 is good for White.} Nd4+ 23. Bxd4 cxd4 24. Ne4 Ke6 {Threatens to win with ...f5.} 25. g4 {[#]} h5 $1 {[%mdl 512]} 26. h3 (26. gxh5 f5) 26... hxg4 27. hxg4 Rh8 28. Nf5 Nc8 29. Rc1 Rg8 30. Kf3 Ba3 31. Rh1 {Hoping for Rh6.} Ne7 $1 {[%cal Re7f5]} 32. Nxe7 (32. Rh6 {with more complications.} Rg6 33. Rh7 b6 34. Nh4 Rg8 35. Rh6) 32... Bxe7 $14 {[%mdl 4096] Endgame KRB-KRN} 33. Rh7 Rd8 ({Better is} 33... b6 $11) 34. Rh6 (34. Ke2 $14) 34... d3 $11 {[#] ...d2 is the strong threat.} 35. Rh1 Bb4 36. Rd1 Rd4 37. Ke3 f5 38. gxf5+ Kxf5 39. Ng3+ Kg4 40. Ne4 Bf8 ({Black should try} 40... Kf5 $11 41. Ng3+ Kg4) 41. f3+ Kf5 42. Rxd3 Bh6+ $2 {This move loses the game for Black.} (42... Rxd3+ $14 43. Kxd3 b6) 43. Ke2 $18 Bf8 (43... Rxd3 $142 44. Kxd3 Kf4) 44. Rxd4 exd4 {KB-KN} 45. Kd3 Bg7 $2 (45... Ke5 46. c5 Kd5) 46. Nd6+ Kf4 47. Nxb7 Kxf3 48. Na5 Kf4 49. Nc6 Kf5 50. Nxa7 Ke6 51. Nb5 {Accuracy: White = 91%, Black = 63%.} (51. Nc6 $142 Bf8 52. Nxd4+ Kd7 53. a4 Ba3 54. Nc2 Bd6 55. b4 Kc6 56. Nd4+ Kb7 57. c5) 1-0

[Event "Catalan Youth-ch 2020"]
[Site "Salou"]
[Date "2020.09.10"]
[Round "8.3"]
[White "Sole Pijuan, Ferran"]
[Black "Alcon Llosada, Alex"]
[Result "1-0"]
[WhiteElo "2127"]
[BlackElo "1999"]
[Annotator "TA"]
[PlyCount "65"]
[EventDate "2020.09.07"]
[EventType "swiss"]
[EventCountry "ESP"]
[SourceTitle "playchess.com"]
[Source "ChessBase"]
[SourceQuality "1"]

{[%evp 9,65,21,16,18,55,46,42,40,57,56,106,90,116,112,116,66,102,114,168,118,120,126,133,121,162,131,131,129,130,128,133,131,130,129,129,129,177,175,202,186,412,412,412,412,412,412,408,387,387,347,401,360,446,425,487,495,484,479]} 1. d4 d5 2. c4 c6 3. Nc3 dxc4 4. e3 b5 5. a4 b4 6. Ne4 {D10: Slav Defence: 3 cxd5 (without early Nf3) and 3 Nc3.} e6 7. Bxc4 Nd7 8. Nf3 {White is slightly better.} Ngf6 9. Nxf6+ Qxf6 10. O-O {[#]} Be7 $146 ({Predecessor:} 10... Bb7 11. e4 Qd8 12. a5 Rc8 13. Ng5 Bd6 14. e5 Bxe5 15. dxe5 Nxe5 16. Qh5 g6 {1-0 (26) L'Ami,E (2605)-Strand,K (2037) Reykjavik 2015}) 11. e4 Qg6 12. Re1 O-O 13. a5 e5 (13... Rd8 $16 {was called for.}) 14. Nxe5 Nxe5 15. dxe5 Be6 16. Qb3 a6 17. f4 {[#] Threatens to win with f5.} Bxc4 18. Qxc4 Qe6 19. Qxe6 fxe6 20. Be3 c5 21. Rac1 Rac8 22. Rc4 Rc6 23. Rec1 Rfc8 24. Kf2 Bd8 $2 {[#]} (24... b3 {was necessary.} 25. f5 Rb8) 25. Rxc5 $18 Rxc5 26. Rxc5 ({Weaker is} 26. Bxc5 g5 $16) 26... Rxc5 27. Bxc5 Bxa5 {[%mdl 4096] Endgame KB-KB} 28. b3 Kf7 29. Ke3 Ke8 30. Kd3 Kd7 31. Kc4 {White is clearly winning.} Kc6 32. Bxb4 Bb6 33. f5 {Accuracy: White = 91%, Black = 44%.} 1-0

[Event "Catalan Youth-ch 2020"]
[Site "Salou"]
[Date "2020.09.10"]
[Round "8.3"]
[White "Rodriguez Gonzalez, Gerard"]
[Black "Romeu Viladot, Emili"]
[Result "1-0"]
[WhiteElo "1714"]
[BlackElo "1677"]
[Annotator "NA RC"]
[PlyCount "29"]
[EventDate "2020.09.07"]
[EventType "swiss"]
[EventCountry "ESP"]
[SourceTitle "playchess.com"]
[Source "ChessBase"]
[SourceQuality "1"]
[TimeControl "5400+30"]

1. e4 {[%emt 0:01:21]} c5 {[%emt 0:00:00]} 2. Nc3 {[%emt 0:00:28]} d6 {[%emt 0:00:00]} 3. g3 {[%emt 0:00:31]} g6 {[%emt 0:00:00]} 4. Bg2 {[%emt 0:00:27]} Bg7 {[%emt 0:00:00]} 5. d3 {[%emt 0:00:38]} Nc6 {[%emt 0:00:03]} 6. Be3 {[%emt 0:00:44]} e6 {[%emt 0:00:14]} 7. Qd2 {[%emt 0:01:13]} Rb8 {[%emt 0:00:07]} 8. Nge2 {[%emt 0:00:57]} Nd4 {[%emt 0:00:15]} 9. Nc1 {[%emt 0:00:49]} b5 {[%emt 0:04:15]} 10. O-O {[%emt 0:01:52]} b4 {[%emt 0:07:09]} 11. Nd1 {[%emt 0:00:39]} Ba6 {[%emt 0:03:51]} 12. c3 {[%emt 0:04:22]} bxc3 {[%emt 0:00:33]} 13. bxc3 {[%emt 0:00:09]} Nc6 {[%emt 0:01:07]} 14. f4 {[%emt 0:06:03]} Nge7 {[%emt 0:01:09]} 15. f5 {[%emt 0:00:52]} 1-0

[Event "Catalan Youth-ch 2020"]
[Site "Salou"]
[Date "2020.09.10"]
[Round "8.4"]
[White "Masague Artero, Guerau"]
[Black "Pera Muntasell, Marc"]
[Result "1-0"]
[WhiteElo "2320"]
[BlackElo "1890"]
[Annotator "TA"]
[PlyCount "73"]
[EventDate "2020.09.07"]
[EventType "swiss"]
[EventCountry "ESP"]
[SourceTitle "playchess.com"]
[Source "ChessBase"]
[SourceQuality "1"]

{[%evp 17,73,0,0,0,4,0,-2,-12,0,-45,-23,-52,49,31,54,28,85,78,95,61,97,19,68,55,81,31,165,156,171,176,378,202,195,179,427,217,489,483,575,558,538,298,745,712,781,691,1201,1202,1177,1084,12830,995,2036,904,1032,682,999,983]} 1. d4 Nf6 2. c4 e6 3. Nc3 Bb4 4. e3 b6 5. Bd3 Bb7 6. Nf3 O-O 7. O-O d6 8. a3 Bxc3 9. bxc3 Ne4 {[#]} 10. Ne1 $146 {E43: Nimzo-Indian: Rubinstein: 4...b6.} ({Predecessor:} 10. Qc2 f5 11. Nd2 Nxd2 12. Bxd2 Qh4 13. Rae1 Nd7 14. f3 Rf6 15. e4 f4 16. e5 dxe5 17. Be4 Bxe4 18. Qxe4 Raf8 {0-1 (33) Lewtak,D (2179)-Jedynak,R (2345) Trzcianka 2018}) 10... f5 11. f3 Nf6 12. Qe2 {The position is equal.} Nbd7 13. h3 Qe8 14. g4 g6 ({Black should play} 14... e5 $15) 15. e4 $14 fxe4 16. fxe4 e5 (16... Kg7 $1 $11 {keeps the balance.}) 17. Bh6 $16 Rf7 18. d5 Kh8 19. Qf2 ({Better is} 19. Qf3 $1 $16) 19... Re7 20. Bg5 Rf7 21. c5 $36 {[%mdl 2048] White has some pressure.} dxc5 {This costs Black the game.} (21... bxc5 $14 22. Rb1 Rb8) 22. Bb5 $18 {And now Bxd7 would win.} Kg7 23. Qe3 Ng8 $2 (23... a6 24. Be2 Ng8) 24. Rxf7+ (24. Nd3 $142 {Threatens to win with Rxf7+.} Kh8 25. Rxf7 Qxf7 26. Rf1) 24... Qxf7 {[#]} 25. Nf3 $1 {[%cal Rf3e5] Strongly threatening Nxe5!} h6 $2 (25... Rf8) 26. Bh4 (26. Rf1 $142) 26... Ngf6 $2 (26... a6 27. Bxd7 Qxd7 28. Nxe5 Qe8) 27. Rf1 g5 28. Bxd7 Qxd7 {[#]} 29. Nxg5 $1 {[%mdl 512]} Nxg4 $2 (29... Nxd5 30. exd5 Qxd5) (29... hxg5 30. Qxg5+) 30. Qg3 {Threatening mate with Ne6+.White is clearly winning.} hxg5 31. Bxg5 Rf8 {[#] aiming for ...Rxf1+.} 32. Bh6+ $1 {[%mdl 576] Skewer, Deflection} Kxh6 33. Rxf8 {White threatens Qh4+ and mate.} Kh7 34. Qxg4 (34. hxg4 $142 Kg7 35. Qf3) 34... Qg7 35. Rf5 (35. Rd8 $142) 35... Bc8 36. Qxg7+ Kxg7 37. Rxe5 {Accuracy: White = 49%, Black = 25%.} 1-0

[Event "Catalan Youth-ch 2020"]
[Site "Salou"]
[Date "2020.09.10"]
[Round "8.4"]
[White "Domene Mulyukov, Alexander"]
[Black "Marcos Rodriguez, Raul"]
[Result "1-0"]
[WhiteElo "1931"]
[BlackElo "1459"]
[Annotator "TA"]
[PlyCount "35"]
[EventDate "2020.09.07"]
[EventType "swiss"]
[EventCountry "ESP"]
[SourceTitle "playchess.com"]
[Source "ChessBase"]
[SourceQuality "1"]

{[%evp 9,35,46,100,67,67,32,222,206,216,218,211,210,712,693,671,515,523,458,461,445,679,678,915,930,918,909,1224,1234]} 1. e4 e5 2. Nc3 Nf6 3. f4 d6 4. Nf3 exf4 5. d4 Bg4 (5... Nh5 $14) 6. Bxf4 {C34: King's Gambit Accepted: 3 Nf3: 3...Nf6 and 3...d6.} Nc6 7. Qd2 {[#]} Qd7 $146 {Now Black is done in.} (7... d5 $14) ({Predecessor:} 7... d5 8. exd5 Nxd5 9. O-O-O Bxf3 10. gxf3 Nxf4 11. Qxf4 Qd7 12. d5 Bd6 13. Qe4+ Ne7 {1-0 (21) Barcelo Sola,D (2044)-Grammatico,M (1571) Barcelona 2015}) 8. d5 $18 {And now Bb5 would win.White is clearly better.} Ne7 9. e5 Nh5 {[#]} 10. exd6 $1 cxd6 $2 (10... Nxf4 11. Qxf4 Nxd5 12. Nxd5 Bxd6 13. Qe3+ Qe6 14. Qxe6+ Bxe6) 11. Bb5 {White is clearly winning.} Nc6 12. dxc6 bxc6 13. Ba4 Be7 14. O-O-O h6 {[#]} (14... Bxf3 $142 15. gxf3 Nxf4 16. Qxf4 O-O) 15. Nd5 $1 {[%mdl 512]} O-O {[#]} (15... cxd5 16. Bxd7+) 16. Bxc6 $1 {[%mdl 576] Double Attack} Qd8 (16... Qxc6 17. Nxe7+) 17. Bxa8 Nxf4 18. Nxe7+ {[%mdl 64] Discovered Attack. Accuracy: White = 82%, Black = 33%.} 1-0

[Event "Catalan Youth-ch 2020"]
[Site "Salou"]
[Date "2020.09.10"]
[Round "8.5"]
[White "Martin Barcelo, Carles"]
[Black "Alcala Gonzalez, Cesar"]
[Result "1-0"]
[WhiteElo "2202"]
[BlackElo "2026"]
[Annotator "TA"]
[PlyCount "99"]
[EventDate "2020.09.07"]
[EventType "swiss"]
[EventCountry "ESP"]
[SourceTitle "playchess.com"]
[Source "ChessBase"]
[SourceQuality "1"]

{[%evp 13,99,24,22,24,19,25,46,44,66,56,101,35,124,121,156,21,22,24,81,68,225,184,158,164,168,170,215,219,206,205,204,210,202,205,206,195,242,242,279,234,222,231,229,220,214,193,224,212,220,193,293,288,329,287,290,287,289,292,328,326,369,338,357,335,329,319,356,350,397,387,378,241,239,245,252,239,322,309,356,355,401,389,466,481,484,472,622,622]} 1. e4 c6 2. d4 d5 3. exd5 cxd5 4. Bd3 Nc6 5. c3 Qc7 6. h3 Nf6 7. Nf3 g6 8. Qc2 {B13: Caro-Kann: Exchange Variation and Panov-Botvinnik Attack.} Nh5 9. O-O {[#]} a6 $146 ({Predecessor:} 9... Nf4 10. Bb5 Bd7 11. Re1 Bg7 12. Be3 O-O 13. Qd2 Nh5 14. g4 Nf6 15. Bf4 Qc8 {½-½ (78) Khanin,S (2500)-Iljiushenok,I (2521) Moscow 2019}) 10. Re1 {White is slightly better.} Nf4 11. Bf1 Bf5 12. Qd1 (12. Qb3 $16) 12... f6 (12... Bg7 $14) 13. Nh4 $1 $16 Be4 {[#]} 14. Bxf4 (14. Nd2 $1 $16) 14... Qxf4 $11 15. g3 Qg5 (15... Qc7 $11 {remains equal.}) 16. Nd2 O-O-O $2 {This move loses the game for Black.} ({Black should play} 16... f5 $14) 17. Nxe4 dxe4 18. Rxe4 Qd5 19. Re1 Qd6 20. Qb3 e5 21. dxe5 fxe5 22. Rad1 Qf6 {intending ...Bc5.} 23. Rxd8+ Nxd8 24. Qc4+ $40 {[%mdl 128] Black is in trouble.} Nc6 25. Bg2 Bg7 26. Bxc6 Qxc6 27. Qxc6+ bxc6 $18 {[%mdl 4096] Endgame KRB-KRN} 28. Nf3 Re8 29. Ng5 h6 30. Ne4 {aiming for Nd6+.} Rd8 31. Kf1 Kc7 (31... Bf8 $142 32. h4 Kc7) 32. Nc5 {And now Ne6+ would win.} Rd6 33. Nxa6+ Kb6 34. Nb4 Rd2 35. Re2 Rd1+ {[#]} 36. Kg2 $1 Kc5 37. Nc2 h5 38. Ne3 Ra1 39. a3 e4 40. Nf1 Kd5 41. Nd2 Bh6 42. c4+ Kd4 {Black wants to play ...Kd3.} 43. Nxe4 ({Resist} 43. Rxe4+ $6 Kd3 $16) 43... Kxc4 44. Nd6+ Kd5 45. Nc8 c5 46. Ne7+ Kd4 47. Nxg6 Kd3 48. Re5 {White is clearly winning.} c4 49. Rxh5 Bc1 50. Ne5+ {Accuracy: White = 72%, Black = 42%.} 1-0